The cloud castle / (Record no. 159756)

MARC details
000 -LEADER
fixed length control field 00617nam a22001937a 4500
005 - DATE AND TIME OF LATEST TRANSACTION
control field 20190208175939.0
010 ## - LCCN (DPL NO)
LC control number B-713040
020 ## - INTERNATIONAL STANDARD BOOK NUMBER
International Standard Book Number 9789351030096
Terms of availability 550.00
035 ## - SYSTEM CONTROL NUMBER
System control number B-713040
037 ## - SOURCE OF ACQUISITION
Source of stock number/acquisition RK Books
082 ## - DEWEY DECIMAL CLASSIFICATION NUMBER
Classification number S
100 ## - MAIN ENTRY--PERSONAL NAME
Personal name Stilton, Thea
245 ## - TITLE STATEMENT
Title The cloud castle /
Statement of responsibility, etc Thea Stilton
260 ## - PUBLICATION, DISTRIBUTION, ETC. (IMPRINT)
Place of publication, distribution, etc New York
Name of publisher, distributor, etc Scholastic Inc.
Date of publication, distribution, etc 2015
270 ## - ADDRESS
Address 557 Broadway
City New York
Postal code 10012
300 ## - PHYSICAL DESCRIPTION
Extent 308p.
Dimensions 20cm(hb)
942 ## - ADDED ENTRY ELEMENTS (KOHA)
Source of classification or shelving scheme Dewey Decimal Classification
Item type Children Books
Classification part S
Call number suffix STI
Holdings
Withdrawn status Lost status Not for loan Collection code Home library Current library Date acquired Source of acquisition Cost, normal purchase price Full call number Barcode Copy number Cost, replacement price Koha item type
      Non-fiction Ashok Vihar Ashok Vihar 04/01/2019 RK Books/IN2630/18-19/24-12-18/549/19-12-18/29-12-18 550.00 S STI B-713040 1 550.00 Children Books

© Delhi Public Library
Hit Counter
free hit counter